Οι πουριτανοί : σοβαρό μελόδραμα σε τρία μέρη : Βιντσέντσο Μπελλίνι [1801-1983] = I puritani : melodrama serio in three parts : Vincenzo Bellini [1801-1835]
Αποθηκεύτηκε σε:
| Άλλοι συγγραφείς: | , |
|---|---|
| Μορφή: | Βιβλίο |
| Γλώσσα: | Greek English |
| Δημοσίευση: |
[Αθήνα] :
Εθνική Λυρική Σκηνή,
2008/9.
|
| Θέματα: | |
| Ετικέτες: |
Προσθήκη ετικέτας
Δεν υπάρχουν, Καταχωρήστε ετικέτα πρώτοι!
|
MARC
| LEADER | 00000cam a2200000 i 4500 | ||
|---|---|---|---|
| 001 | 1/48990 | ||
| 008 | 140606s2009####gr | | ||| |||| ||gre|| | ||
| 020 | |a 9789609875318 | ||
| 035 | |l 10117919 | ||
| 040 | |a GR-MY-UA |b gre |e aacr | ||
| 041 | 0 | |a gre |a eng | |
| 082 | 0 | |a 782.1 |2 (23) | |
| 245 | 1 | 3 | |a Οι πουριτανοί : |b σοβαρό μελόδραμα σε τρία μέρη : Βιντσέντσο Μπελλίνι [1801-1983] = I puritani : melodrama serio in three parts : Vincenzo Bellini [1801-1835] / |c [επιμέλεια κειμένων Αντωνέτα Κώτση, αγγλική μετάφραση Christine Sturmey]. |
| 246 | 1 | |i Παράλληλος τίτλος: |a I puritani : |b melodrama serio in three parts | |
| 260 | |a [Αθήνα] : |b Εθνική Λυρική Σκηνή, |c 2008/9. | ||
| 300 | |a 151 σ. : |b εικ. ; |c 23 εκ. + |e 1 ένθ. | ||
| 500 | |a Συμπαραγωγή με την Όπερα της Ολλανδίας και το Μεγάλο Θέατρο της Γενεύης -- Συνεργασία με τον Οργανισμό Μεγάρου Μουσικής Αθηνών. | ||
| 500 | |a Μέγαρο Μουσικής Αθηνών, Αίθουσα Αλεξάνδρα Τριάντη, 24, 26, 28, 30 Απριλίου 2009. | ||
| 600 | 1 | 0 | |a Bellini, Vincenzo, |d 1801-1835 |x Stories, plots, etc. |
| 650 | 0 | 0 | |a Opera |x Analysis, apreciation. |
| 650 | 0 | 0 | |a Opera programs. |
| 650 | 0 | 0 | |a Opera |x Performances. |
| 650 | 0 | 0 | |a Operas |x Stories, plots, etc. |
| 700 | 1 | |a Κώτση, Αντωνέτα. |4 edt | |
| 700 | 1 | |a Sturmey, Christine. |4 trl | |
| 852 | |a INST |b LESVOS |e 20140606 |h 782.1 ΠΟΥ |p 005100054338 |q 005100054338 |t BK |y 0 | ||
| 901 | |a BIBL1-2014-2 | ||
| 909 | |a Λ |b 189770 | ||
| 970 | |a ΤΖΑΦΕΡΗ |b ΕΥΑΓΓΕΛΙΑ |z 2014/06/06 | ||